All MSM (My Singing Monsters) Monsters (Updated 4/5/23) - Statistics

General Stats
  • This quiz has been taken 900 times
    764 since last reset
  • The average score is 67 of 199
Answer Stats
Class Element(s) Answer % Correct
Natural Earth Noggin
89%
Natural Water Toe Jammer
89%
Natural Air Tweedle
88%
Natural Cold Mammott
87%
Natural Plant Potbelly
87%
Dipster Dipster Re
73%
Natural Air Earth Cybop
70%
Natural Water Cold Maw
70%
Natural Air Plant Dandidoo
69%
Natural Plant Cold Furcorn
68%
Natural Air Water Quibble
68%
Natural Earth Cold Drumpler
67%
Natural Earth Water Fwog
67%
Natural Plant Earth Water Cold Entbrat
65%
Fire Fire Kayna
65%
Natural Plant Earth Shrubb
65%
Natural Plant Water Oaktopus
63%
Natural Air Cold Pango
63%
Natural Air Earth Cold PomPom
63%
Natural Plant Water Cold Bowgart
61%
Natural Air Plant Water Cold Deedge
60%
Dipster Dipster Ti
60%
Natural Earth Water Cold T-Rox
60%
Natural Air Earth Water Cold Riff
59%
Dipster Dipster Mi
58%
Natural Air Plant Earth Water Shellbeat
58%
Natural Plant Earth Cold Clamble
57%
Natural Air Plant Earth Cold Quarrister
57%
Dipster Dipster La
56%
Natural Plant Earth Water Pummel
56%
Dipster Dipster Do
55%
Ethereal Plasma Ghazt
55%
Dipster Dipster Fa
54%
Natural Air Plant Water Spunge
54%
Natural Air Plant Earth Reedling
53%
Dipster Dipster Sol
52%
Fire Plant Fire Flowah
51%
Fire Air Fire Glowl
51%
Fire Earth Fire Stogg
51%
Natural Air Plant Cold Thumpies
51%
Natural Air Water Cold Congle
50%
Supernatural Electricity Wubbox
49%
Seasonal SummerSong Hoola
47%
Natural Air Earth Water Scups
47%
Fire Water Fire Phangler
46%
Fire Cold Fire Boskus
45%
Magical Faerie Floot Fly
44%
Magical Plant Light Gob
44%
Ethereal Mech Reebro
44%
Magical Psychic Theremind
44%
Ethereal Poison Humbug
43%
Fire Air Plant Earth Fire Tring
43%
Mythical Mythical G'joob
42%
Seasonal Spooktacle Punkleton
42%
Fire Air Plant Fire Barrb
41%
Supernatural (Epic) Electricity Epic Wubbox
41%
Supernatural (Rare) Electricity Rare Wubbox
41%
Ethereal Shadow Grumpyre
40%
Ethereal Crystal Jeeode
40%
Legendary Legendary Shugabush
40%
Fire Air Water Fire Whaddle
40%
Fire Water Cold Fire Wynq
40%
Seasonal Eggs-Travaganza Blabbit
39%
Magical Bone Clackula
39%
Fire Earth Water Fire Thrumble
39%
Seasonal Festival of Yay Yool
39%
Fire Air Earth Fire Floogull
37%
Fire Plant Earth FIre Repatillo
37%
Fire Air Water Cold Fire Sneyser
37%
Fire Plant Water Fire Rootitoot
36%
Fire Plant Cold FIre Sooza
36%
Fire Earth Cold Fire Ziggurab
36%
Supernatural Electricity Brump
35%
Fire Air Cold Fire Woolabee
35%
Fire Air Plant Water Cold Fire Bowhead
34%
Mythical Mythical Hyehehe
34%
Mythical Mythical Strombonin
34%
Fire Air Plant Cold Fire Yelmut
34%
Mythical Mythical Anglow
33%
Magical Light Fluoress
33%
Mythical Mythical Yawstrich
33%
Magical Psychic Bone Light Faerie Enchantling
32%
Magical Plant Psychic Bonkers
31%
Fire Air Plant Earth Water Fire Candelavra
31%
Fire Air Plant Earth Cold Fire Drummidary
31%
Fire Air Earth Water Fire Flum Ox
31%
Seasonal Feast-Ember Gobbleygourd
31%
Seasonal Life-Formula Monculus
31%
Magical Earth Cold Fire Faerie Pladdie
31%
Ethereal Plasma Shadow Whisp
31%
Fire Plant Earth Cold Fire PongPing
30%
Legendary Legendary Tawkerr
30%
Fire Earth Water Cold Fire Tiawa
30%
Fire Air Earth Water Cold Fire Tuskski
30%
Supernatural Electricity Zynth
30%
Magical Plant Cold Fire Light Blow't
29%
Legendary Legendary Parlsona
29%
Legendary Legendary Shugavox
29%
Seasonal SkyPainting Whiz-bang
29%
Fire Plant Cold Water Fire Edamimi
28%
Magical Plant Water Fire Psychic Gloptic
28%
Seasonal Perplexplore Spurrit
28%
Fire Plant Water Cold Fire Incisaur
27%
Legendary Legendary Maggpi
27%
Legendary Legendary Stoowarb
27%
Fire Air Plant Water Fire Bisonorus
26%
Seasonal Anniversary Month Jam Boree
26%
Fire Air Earth Cold Fire Krillby
26%
Magical Earth Water Fire Bone Plinkajou
26%
Legendary Legendary Shugabass
26%
Seasonal Beat Hereafter Clavavera
25%
Magical Earth Bone Peckidna
25%
Seasonal Season Of Love Schmoochle
25%
Legendary Legendary Shugajo
25%
Seasonal Echoes of Eco Viveine
25%
Seasonal MindBoggle Boo'qwurm
24%
Seasonal Crescendo Moon Carillong
24%
Magical Earth Faerie HippityHop
24%
Ethereal Plasma Poison Jellbilly
24%
Ethereal Plasma Mech Nebulob
24%
Supernatural Electricity Poewk
24%
Magical Water Psychic Poppette
24%
Mythical Mythical Cherubble
23%
Seasonal Cloverspell Ffidyll
23%
Ethereal Crystal Poison Fung Pray
23%
Ethereal Plasma Crystal Sox
23%
Magical Plant Cold Light Spytrap
23%
Magical Plant Fire Light TooToo
23%
Magical Psychic Bone Xyster
23%
Magical Fire Psychic Yuggler
23%
Magical Water Fire Bone Banjaw
22%
Ethereal Mech Crystal Bellowfish
22%
Magical Water Bone Denchuhs
22%
Ethereal Mech Poison Dragong
22%
Magical Bone Light Roarick
22%
Magical Plant Fire Psychic Rooba
22%
Legendary Legendary Shugabeats
22%
Legendary Legendary Shugitar
22%
Magical Fire Faerie Wimmzies
22%
Ethereal Shadow Mech Arackulele
21%
Ethereal Shadow Crystal Boodoo
21%
Magical Psychic Bone Light G'day
21%
Magical Bone Faerie Osstax
21%
Mythical Mythical Dream Pinghound
21%
Magical Cold Faerie Squot
21%
Supernatural Electricity Thwok
21%
Magical Earth Water Bone Withur
21%
Celestial Celestial Attmoz
20%
Magical Cold Light Bulbo
20%
Supernatural Electricity Dwumrohl
20%
Magical Fire Bone Hawlo
20%
Magical Fire Light Pluckbill
20%
Legendary Legendary Shugarock
20%
Magical Psychic Light Cahoot
19%
Magical Psychic Faerie Déjà-Jin
19%
Magical Cold Fire Light Fiddlement
19%
Celestial Celestial Galvana
19%
Mythical Mythical Dream ShLep
19%
Magical Plant Water Psychic Tapricorn
19%
Magical Earth Fire Bone Uuduk
19%
Mythical Mythical Dream Bleatnik
18%
Supernatural Electricity Blipsqueak
18%
Magical Earth Cold Faerie Cantorell
18%
Mythical Dream Cataliszt
18%
Magical Cold Fire Faerie Clavi Gnat
18%
Mythical Mythical Dream Cranchee
18%
Ethereal Shadow Poison Kazilleon
18%
Magical Light Faerie Knucklehead
18%
Magical Bone Light Faerie Mushaboom
18%
Magical Water Fire Psychic Periscorp
18%
Supernatural Electricity Screemu
18%
Legendary Legendary Shugabuzz
18%
Supernatural Electricity Whajje
18%
Supernatural Electricity Bona-Petite
17%
Magical Earth Fire Faerie Bridg-it
17%
Supernatural Electricity Maulch
17%
Supernatural Electricity Pixolotl
17%
Celestial Celestial Torrt
17%
Mythical Mythical Dream Wheezel
17%
Magical Psychic Light Faerie Frondley
16%
Celestial Celestial Hornacle
16%
Magical Psychic Bone Faerie Larvaluss
16%
Celestial Celestial Scaratar
16%
Mythical Mythical Dream Sporerow
16%
Supernatural Electricity Zuuker
16%
Supernatural Electricity Dermit
15%
Celestial Celestial Furnoss
15%
Celestial Celestial Glaishur
15%
Celestial Celestial Plixie
15%
Supernatural Electricity Tympa
15%
Supernatural Electricity Astropod
14%
Celestial Celestial Loodvigg
14%
Celestial Celestial Blasoom
13%
Supernatural Electricity Gheegur
13%
Supernatural Electricity Creepuscule
12%
Supernatural Electricity Fleechwurm
12%
Celestial Celestial Vhamp
12%
Supernatural Electricity Scargo
11%
Celestial Celestial Syncopite
10%
No matching quizzes found
Score Distribution
Percent of People with Each Score
Percentile by Number Answered
Your Score History
You have not taken this quiz since the last reset